|
|
|
|
| LEADER |
00000nim a2200000 a 4500 |
| 001 |
vtls012196350 |
| 003 |
SK-MaSNL |
| 005 |
20260302073948.0 |
| 007 |
sd fsngnnmmnud |
| 008 |
230221s2023 xo nnnnfs f n slo |
| 015 |
|
|
|a SNBJ2024
|
| 020 |
|
|
|a 9788018111543
|q (zvuková kniha)
|
| 040 |
|
|
|a SNK
|b slo
|c SNK
|e AACR2
|
| 041 |
0 |
|
|a slo
|
| 044 |
|
|
|a xo
|c SK
|
| 080 |
|
|
|a (086.76)
|2 2001
|
| 100 |
1 |
|
|a Mináč, Vladimír,
|d 1949-
|4 aut
|9 228674
|
| 245 |
1 |
0 |
|a V krajine gumeného času
|h elektronický zdroj
|c Vladimír Mináč, Alexander Císar, Milan Balášek ; číta: Igor Šabek
|
| 260 |
|
|
|a Levoča
|b Slovenská knižnica pre nevidiacich Mateja Hrebendu
|c 2023
|
| 300 |
|
|
|a 1 elektronický optický disk (CD-ROM)
|b digitálny, mono, MP3
|c 12 cm
|
| 306 |
|
|
|a 103000
|
| 520 |
8 |
|
|a Zápisky a dokumenty z expedície do Indonézie "Inform 82".
|
| 521 |
|
|
|a pre nevidiacich, slabozrakých a inak zdravotne postihnutých
|
| 651 |
|
7 |
|a Indonézia
|2 SNKPH
|9 20700
|
| 655 |
|
7 |
|a zvukové záznamy
|2 SNKPH
|9 70720
|
| 655 |
|
7 |
|a CD-ROM
|2 SNKPH
|9 70236
|
| 700 |
1 |
|
|a Šabek, Igor
|4 nrt
|9 312613
|
| 700 |
1 |
|
|a Císar, Alexander
|4 aut
|9 5059
|
| 700 |
1 |
|
|a Balášek, Milan
|4 aut
|9 738999
|
| 752 |
|
|
|a Slovensko
|d Levoča
|
| 919 |
|
|
|a 978-80-18-11154-3
|
| 999 |
|
|
|c 1163028
|d 1164958
|
| 952 |
|
|
|a SNK
|b SNK
|y NEVYP
|7 1
|p 17A1544981
|o snkSCD 6833
|i snk2024/5856
|8 0
|0 0
|1 0
|4 0
|d 2024-04-14
|l 0
|r 2026-02-24 20:39:26
|w 2026-02-24
|